THE DEVELOPMENT OF ADAPTIVE INTELLIGENCE (Record no. 167)

000 -LEADER
fixed length control field 00283nam a22000977a 4500
008 - FIXED-LENGTH DATA ELEMENTS--GENERAL INFORMATION
fixed length control field 150819b xxu||||| |||| 00| 0 eng d
020 ## - INTERNATIONAL STANDARD BOOK NUMBER
International Standard Book Number 0875892248
100 ## - MAIN ENTRY--PERSONAL NAME
Personal name FELDMAN CAROL FLEISHER
245 ## - TITLE STATEMENT
Title THE DEVELOPMENT OF ADAPTIVE INTELLIGENCE
260 ## - PUBLICATION, DISTRIBUTION, ETC. (IMPRINT)
Place of publication, distribution, etc. SAN FRANCISCO
Name of publisher, distributor, etc. JOSSEY- PUBLISHERS
Date of publication, distribution, etc. 1974

No items available.

IRDP © 2019 :: Managed by IRDP ICT Unit